MDQL
is popping MORE tags! Check the
thread
!
Quizzes
Events
Quiz Creation
Community
Videos
Private Events
Remove Ads
Sign In
Join for FREE
Feedback
Dark Mode
Quiz Categories
Sports
Geography
Music
Movies
Television
Just For Fun
Miscellaneous
History
Literature
Language
Science
Gaming
Entertainment
Religion
Holiday
For Kids
Quiz Lab
Recent
Popular Today
Quiz Kudos Today
Editor Picks
Curator Picks
Quizzes by...
Day
Popularity
Type
Ratings
Length
Year
Community
Subscriptions
Recent Discussions
Orange Saloon
Badges
Playlists
Quests
Create
Leaderboards
Showdown
Live 5
Trivia Bingo
Activity
Puzzle Library
Sporcle Events
Private Events
Virtual Trivia
Globe League
Become a Host
Pub Owners
SporcleCon
Opinionation
Our Games
Videos
Blog
Mobile Apps
Partnerships
Remove Ads and Go Orange
Feedback
Sports
Athletes
MLB
NBA
NHL
NFL
Soccer
Sports Teams
WWE
NCAA
Football
Premier League
Basketball
Baseball
Hockey
Golf
Tennis
Cricket
Rugby
Auto Racing
Olympics
World Cup
Sports
Athletes
MLB
NBA
NHL
NFL
Soccer
Sports Teams
WWE
NCAA
Football
Premier League
Basketball
Baseball
Hockey
Golf
Tennis
Cricket
Rugby
Auto Racing
Olympics
World Cup
Random Quiz
Search Sporcle
×
Quiz Lab
Quiz Lab
Sports
Football
Type in answers that appear in a list
Type in answers that appear in a list
Classic
Best Score? Go Orange.
First XI: Blind - Netherlands Stats
Can you name Blind's XI's
By
ol98
8m
33 Questions
547 Plays
547 Plays
547 Plays
Comments
Comments
Give Quiz Kudos
Give Quiz Kudos
-
- Ratings
hide this ad
More Info
Replay
Link that replays current quiz
Next Quiz
Link to next quiz in quiz playlist
You Got
0%
They Got
Avg Score
83%
Avg Friend Score
Upgrade to see
Score Distribution
Jump to the score distribution portion of the page
Score
0/33
Timer
08:00
0
Plays Today
Team and Competition
Player Name
% Correct
Iceland, Euro 2016 Qualifying
Arjen Robben
99.5%
Wales, Friendly 2015
Arjen Robben
99.5%
Iceland, Euro 2016 Qualifying
Daley Blind
99.1%
Wales, Friendly 2015
Daley Blind
99.1%
Sweden, World Cup 2018 Qualifying
Daley Blind
99.1%
Iceland, Euro 2016 Qualifying
Georginio Wijnaldum
98%
Sweden, World Cup 2018 Qualifying
Georginio Wijnaldum
98%
Iceland, Euro 2016 Qualifying
Memphis Depay
97.1%
Iceland, Euro 2016 Qualifying
Klaas-Jan Huntelaar
96.5%
Iceland, Euro 2016 Qualifying
Wesley Sneijder
96%
Wales, Friendly 2015
Wesley Sneijder
96%
Sweden, World Cup 2018 Qualifying
Wesley Sneijder
96%
Wales, Friendly 2015
Virgil van Dijk
93.4%
Sweden, World Cup 2018 Qualifying
Virgil van Dijk
93.4%
Iceland, Euro 2016 Qualifying
Jasper Cillessen
92.7%
Wales, Friendly 2015
Jasper Cillessen
92.7%
Iceland, Euro 2016 Qualifying
Stefan de Vrij
89.6%
Team and Competition
Player Name
% Correct
Iceland, Euro 2016 Qualifying
Gregory van der Wiel
89%
Sweden, World Cup 2018 Qualifying
Kevin Strootman
86.8%
Sweden, World Cup 2018 Qualifying
Vincent Janssen
85.2%
Wales, Friendly 2015
Quincy Promes
83.2%
Sweden, World Cup 2018 Qualifying
Quincy Promes
83.2%
Wales, Friendly 2015
Bas Dost
78.4%
Wales, Friendly 2015
Daryl Janmaat
78.1%
Sweden, World Cup 2018 Qualifying
Daryl Janmaat
78.1%
Iceland, Euro 2016 Qualifying
Bruno Martins Indi
74.8%
Wales, Friendly 2015
Jordy Clasie
61.4%
Iceland, Euro 2016 Qualifying
Davy Klaassen
61.2%
Sweden, World Cup 2018 Qualifying
Davy Klaassen
61.2%
Sweden, World Cup 2018 Qualifying
Jeroen Zoet
60.7%
Wales, Friendly 2015
Jeffrey Bruma
56.5%
Sweden, World Cup 2018 Qualifying
Jeffrey Bruma
56.5%
Wales, Friendly 2015
Terence Kongolo
28.5%
Quiz Playlist
Details
Report
Send in Message
Add To Playlist
More Info:
Can you name the lineups for Blind's first Netherlands games in the given competitions.
Classic:
Type in answers that appear in a list
Quiz Source
Last Updated: Jun 13, 2021
Quiz Scoreboard
CHALLENGE
Sign Up to Join the Scoreboard
Show All
Scores
Hide
Comments
May contain spoilers
Recently Published
Holiday 10x10 Sorting Gallery
by lukepisani3
Holiday
15m
Two Season TV Shows II
by 123Four
Television
10m
Image Sorting: Flags VI
by Barbecue
Geography
2m
More to Explore
Quiz From the Vault
Featured Blog Post
14 Easter Pick-up Lines to Find Eggs With
hide this ad
You Might Also Like...
Tags
Football Quiz
Soccer Quiz
World Cup Quiz
euro
Euro 2016
Netherlands
World Cup 2018
Today's Top Quizzes in Sports
Browse Sports
hide this ad
Today's Top Quizzes in Football
Browse Football
Top Contributed Quizzes in Sports
1
Les meilleurs buteurs des matchs entre le PSG et l’OM
2
Les entraîneurs de l'OM et du PSG au 21e siècle
3
2022 World Cup Stars
4
Les joueurs passés par le PSG et l'OM
5
Players with Multiple 50 Home Run Seasons
6
FIFA Club World Cup Champions
7
Top 10 NHL Goal Scorers of All Time
8
Les joueurs passés par le LOSC et le RC Lens
9
Criteria MLB: Left Handed Sluggers
10
2023 MLB Unique Player Accomplishments
Explore More
Trending Topics
Harry Potter
Kpop
Disney
Crossword
NBA
Marvel
Anime
The Office
Soccer
Puzzle
WWE
Country
Song
Pokémon
NFL
hide this ad
More By:
ol98
Quiz
Plays
Rating
Category
Featured
Created
Champions League Quiz 2018/19
175,814
2.53
Sports
Jun 7, 2019
Premier League Golden Boot Runners Up
33,827
4.76
Sports
Aug 1, 2019
Ballon d'Or Without Messi and Ronaldo
23,758
5.00
Sports
Feb 27, 2020
World Cup 2018 Quiz
19,438
2.80
Sports
Jun 9, 2019
Lionel Messi's 4+ Goals XI's
13,207
5.00
Sports
Dec 22, 2019
Go to Creator's Profile
Score Distribution
Quiz Creator Spotlight
ol98
Follow
Send a Message
Quizzes Created
-
Created Quiz Play Count
-
More By This Creator
Popular Quizzes Today
1
Find the US States - No Outlines Minefield
2
Colored Red Africa Blitz
3
Find the 'City' Movie
4
The Countries of the World
5
5x2 Blitz: Bands
6
Find the US States
7
Find the Countries of Europe - No Outlines Minefield
8
US States
More Sports Quizzes
Retro Soccer Teams - Italy @ Euro 2000
Quiz Lab
Trending Quizzes
Colored Red Europe Blitz I
Colored Red Europe Blitz II
Colored Red Africa Blitz II
Colored Red Europe Blitz III
Colored Red Africa Blitz III
Recently Updated
Odd Team Out - Big 4 Players
pecheneg
Quick Pick: 20 Twenties
pecheneg
March Madness Men's Triple Doubles
pecheneg
How Do You Spell That?
pecheneg
Godzilla Movies
pecheneg
Grab Bag: 4-10 Letters
pecheneg
2024 March Madness Bracket
pecheneg
Famous TV Couples
Peacemaker
Champions League XIs: Real Madrid
pecheneg
Largest US Cities 1790-2010
pecheneg
Trending Topics
Harry Potter
Marvel
Disney
Crossword
Kpop
Anime
NBA
Song
Pokémon
The Office
Soccer
NFL
Country
Puzzle
WWE
Your Account Isn't Verified!
In order to create a playlist on Sporcle, you need to verify the email address you used during registration. Go to your
Sporcle Settings
to finish the process.
Report this User
Report this user for behavior that violates our
Community Guidelines
.
Details:
Send Report
Go to the Sporcle.com Mobile Site →
Comments